Vista normal Vista MARC

Entrada Personal Name

Número de registros utilizados en: 1

001 - CONTROL NUMBER

  • control field: 60

003 - CONTROL NUMBER IDENTIFIER

  • control field: DO-SdBNP

005 - DATE AND TIME OF LATEST TRANSACTION

  • control field: 20161129142726.0

008 - FIXED-LENGTH DATA ELEMENTS

  • fixed length control field: 161129|| aca||aabn | a|a d

040 ## - CATALOGING SOURCE

  • Original cataloging agency: DO-SdBNP

100 1# - HEADING--PERSONAL NAME

  • Personal name: Wells, H. G.
  • Dates associated with a name: 1866-1946

670 ## - SOURCE DATA FOUND

  • Source citation: El hombre invisible, 2009.
  • Information found: tomado de la portada H. G. Wells.

670 ## - SOURCE DATA FOUND

  • Source citation: Diccionario de biografías, 2004.
  • Information found: p. 109.